Questioning library neutrality (Record no. 110219)
[ view plain ]
| 000 -LEADER | |
|---|---|
| fixed length control field | 02337nam a2200373 a 4500 |
| 082 04 - DEWEY DECIMAL CLASSIFICATION NUMBER | |
| Classification number | 021.2 |
| 245 00 - TITLE STATEMENT | |
| Title | Questioning library neutrality |
| 260 ## - PUBLICATION, DISTRIBUTION, ETC. (IMPRINT) | |
| Place of publication | Duluth, Minn. : |
| Name of publisher | Library Juice Press, |
| Year of publication | 2008. |
| 300 ## - PHYSICAL DESCRIPTION | |
| Number of Pages | 149 p. |
| 505 0# - FORMATTED CONTENTS NOTE | |
| Formatted contents note | Introduction / by Alison Lewis -- Politics and anti-politics in librarianship / by Mark Rosenzweig -- Corporate inroads in librarianship : the fight for the soul of the profession in the new millenium / by Peter Mcdonald -- Librarianship and resistance / by Sandy Iverson -- A few gates redux : an examination of the social responsibilities debate in the early 1970s and 1990s / by Steven Joyce -- Activist librarianship : heritage or heresy? / by Ann Sparanese -- The myth of the neutral professional / by Robert Jensen -- Information criticism : where is it? / by Jack Andersen -- Towards self-reflection in librarianship : what is praxis? / by John J. Doherty -- The professional is political : redefining the social role of public libraries / by Shiraz Durrani and Elizabeth Smallwood -- The hottest place in hell : the crisis of neutrality in contemporary librarianship / by Joseph Good. |
| 650 #0 - SUBJECT ADDED ENTRY--TOPICAL TERM | |
| Topical Term | Libraries and society. |
| Topical Term | Library science |
| Topical Term | Library science |
| Topical Term | Library science |
| Topical Term | Librarians |
| Topical Term | Libraries |
| 700 1# - ADDED ENTRY--PERSONAL NAME | |
| Personal name | Lewis, Alison M., |
| 856 40 - ELECTRONIC LOCATION AND ACCESS | |
| Uniform Resource Identifier | http://site.ebrary.com/lib/rucke/Doc?id=10369988 |
No items available.
